Shahab Nama (Record no. 71284)

000 -LEADER
fixed length control field 00412nam a22001577a 4500
003 - CONTROL NUMBER IDENTIFIER
control field NUST-PNEC
005 - DATE AND TIME OF LATEST TRANSACTION
control field 20170116181157.0
008 - FIXED-LENGTH DATA ELEMENTS--GENERAL INFORMATION
fixed length control field 140718b xxu||||| |||| 00| 0 eng d
040 ## - CATALOGING SOURCE
Transcribing agency PNEC
082 ## - DEWEY DECIMAL CLASSIFICATION NUMBER
Classification number 891.439 SHA
100 ## - MAIN ENTRY--PERSONAL NAME
9 (RLIN) 197
Personal name Shahab, Qudaratullah
245 ## - TITLE STATEMENT
Title Shahab Nama
Statement of responsibility, etc. Qudratullah Shahab
260 ## - PUBLICATION, DISTRIBUTION, ETC.
Place of publication, distribution, etc. Rawalpindi
Name of publisher, distributor, etc. Army Education Press
650 ## - SUBJECT ADDED ENTRY--TOPICAL TERM
General subdivision General, Urdu Literature
942 ## - ADDED ENTRY ELEMENTS (KOHA)
Source of classification or shelving scheme
Koha item type Book
Holdings
Withdrawn status Lost status Source of classification or shelving scheme Damaged status Not for loan Permanent Location Current Location Shelving location Date acquired Total Checkouts Full call number Barcode Date last seen Date last checked out Price effective from Koha item type
          Pakistan Navy Engineering College (PNEC) Pakistan Navy Engineering College (PNEC)     1 891.439 SHA PNECLIB-016238 06/02/2016 01/22/2016   Book
© 2023 Central Library, National University of Sciences and Technology. All Rights Reserved.